Central Library OPAC University of Rajshahi

Regression with dummy variables / (Record no. 33308)

MARC details
000 -LEADER
fixed length control field 01175nam a2200313 a 4500
001 - CONTROL NUMBER
control field 33308
003 - CONTROL NUMBER IDENTIFIER
rucl marc code BD-RjUL
005 - DATE AND TIME OF LATEST TRANSACTION
control field 20211209052002.0
008 - FIXED-LENGTH DATA ELEMENTS--GENERAL INFORMATION
fixed length control field 140507s1993 caua b 001 0 eng
020 ## - INTERNATIONAL STANDARD BOOK NUMBER
International Standard Book Number 0803951280
035 ## - SYSTEM CONTROL NUMBER
System control number (BD-RjUL)33399
040 ## - CATALOGING SOURCE
Original cataloging agency DLC
Transcribing agency DLC
Modifying agency DLC
-- BD-RjUL
Language of cataloging eng
041 ## - LANGUAGE CODE
Language code of text/sound track or separate title eng
082 00 - DEWEY DECIMAL CLASSIFICATION NUMBER
Classification number 300.1519536
Edition number 20
Author mark and year HAR 1993
100 1# - MAIN ENTRY--PERSONAL NAME
Personal name Hardy, Melissa A.,
Dates associated with a name 1952-
9 (RLIN) 101134
245 10 - TITLE STATEMENT
Title Regression with dummy variables /
Statement of responsibility, etc. Melissa A. Hardy.
260 ## - PUBLICATION, DISTRIBUTION, ETC. (IMPRINT)
Place of publication, distribution, etc. Newbury Park :
Name of publisher, distributor, etc. Sage Publications,
Date of publication, distribution, etc. c1993.
300 ## - PHYSICAL DESCRIPTION
Pagination vi, 90 p. :
Illustrations ill. ;
Size 22 cm.
504 ## - BIBLIOGRAPHY, ETC. NOTE
Bibliography, etc Includes bibliographical references (p. 88-90).
650 #0 - SUBJECT ADDED ENTRY--TOPICAL TERM
Topical term or geographic name as entry element Social sciences
General subdivision Statistical methods.
9 (RLIN) 904
Topical term or geographic name as entry element Regression analysis.
9 (RLIN) 5588
Topical term or geographic name as entry element Dummy variables.
9 (RLIN) 101136
856 42 - ELECTRONIC LOCATION AND ACCESS
Materials specified Publisher description
Uniform Resource Identifier <a href="http://www.loc.gov/catdir/enhancements/fy0655/92041965-d.html">http://www.loc.gov/catdir/enhancements/fy0655/92041965-d.html</a>
Materials specified Table of contents only
Uniform Resource Identifier <a href="http://www.loc.gov/catdir/enhancements/fy0655/92041965-t.html">http://www.loc.gov/catdir/enhancements/fy0655/92041965-t.html</a>
942 ## - ADDED ENTRY ELEMENTS (KOHA)
Source of classification or shelving scheme Dewey Decimal Classification
Koha item type Books
Holdings
Lost status Source of classification or shelving scheme Damaged status Not for loan Collection code Permanent Location Current Location Shelving location Date acquired Source of acquisition Cost, normal purchase price Total Checkouts Full call number Date last seen Copy number Koha item type
  Dewey Decimal Classification   Not For Loan Non-fiction Central Library, University of Rajshahi Central Library, University of Rajshahi Reading Room 23/12/1999 Dhaka, Paragon ent. Ltd. 431.79   300.1519536 HAR 1993 07/05/2014 C-1 Books
  Dewey Decimal Classification     Non-fiction Central Library, University of Rajshahi Central Library, University of Rajshahi Reading Room 23/12/1999 Dhaka, Paragon ent. Ltd. 431.79   300.1519536 HAR 1993 07/05/2014 C-2 Books